000 00924nam a22002535a 4500
005 20240719173524.0
008 090911s2009 ii ab b 100 0 eng d
010 _aENG-140924
020 _a9781444121285
_c5150.00
035 _aEN-124456
037 _bDBAD
040 _aDPL
_bEnglish
082 _a617
_226
100 _921552
245 _aBailey & Love's Short Practice of Surgery/
_cEdited By Norman S. Williams; Christopher J.K Bulstrode [and] P. Ronan O'Connell
250 _a26
260 _aUnited States
_bCRC Press Taylor & Francis Group
_c2013
270 _a6000 Broken Sound Parkway NW, Suite 300 Boca Raton Florida
_bUnited States
_e33487-2742
300 _a1517p.
_c27cm(pbk)
_bIndex
700 _aWilliams, Norman S.
_eEditor
_968637
700 _aBulstrode, Christopher J.K
_eEditor
_968638
700 _aO'Connell, P. Ronan
_eEditor
_968639
942 _2ddc
_cEN
_mBAI
_h617
_e26
999 _c204236
_d204236